LEADER 00910nam a2200217 i 4500 001 000000138390 003 CaOOAMICUS 005 20250527160851.0 008 121210s1955 it u000 u ita u 040 $aSeMil$bita 100 1 $aCazzani, Eugenio,$c.$0(OLS)http://semarc/name/10584 245 10$aFonti per la storia della pieve di Castelseprio-Carnago /$cEugenio Cazzani. 260 $aGallarate :$bFerrario,$c1955. 300 $a60 p. ;$c23 cm. 650 4$aCarnago.$0(OLS)http://semarc/subject/8621 650 4$aCastelseprio .$0(OLS)http://semarc/subject/57659 850 $aSeMil 852 $aSeMil$W1$xVenegono$y1$m5B VIII 3/21$j257739$B91880$CSeMilBibl$Z2$F96934 $81 996 $6245$aFonti per la storia della pieve di Castelseprio-Carnago$9(OLS)http://semarc/title/202313 996 $6260$aGallarate :$bFerrario$9(OLS)http://semarc/publisher/40038 LEADER 01206nam a2200289 i 4500 001 000000259013 003 CaOOAMICUS 005 20180626000000.0 008 180626s1993 it u000 u fre u 013 $a237921 020 $a2-85313-251-X 040 $aSeMil$bita 100 1 $aMagnin, Thierry.$0(OLS)http://semarc/name/65567 245 10$aQuel Dieu pour un monde scientifique? /$cThierry Magnin ; préface de Louis Leprince-Ringuet. 260 $aMontrouge :$bNouvelle Cité,$c1993. 300 $a120 p. ;$c21 cm. 490 0 $aRacines 650 4$aReligione e scienze.$0(OLS)http://semarc/subject/1385 650 4$aFede cristiana.$0(OLS)http://semarc/subject/3433 700 1 $aLeprince-Ringuet, Louis,$d<1901-2000>.$0(OLS)http://semarc/name/52906 830 0$aRacines.$0(OLS)http://semarc/title/13744 850 $aSeMil 852 $aSeMil$W1$xVenegono$y1$m2D II 493$j209358$B209358$CSeMilBibl$Z2$F223153 $81 961 $aLascito: Villa mons. Luigi 996 $6020$a2-85313-251-X$9(OLS)http://semarc/number/284561 996 $6245$aQuel Dieu pour un monde scientifique?$9(OLS)http://semarc/title/413866 996 $6260$aMontrouge :$bNouvelle Cité$9(OLS)http://semarc/publisher/32475 LEADER 01146nam a2200265 i 4500 001 000000122323 003 CaOOAMICUS 005 20040130000000.0 008 040130s1971 it u000 u ita u 013 $a95018 040 $aSeMil$bita 100 1 $aDella Volpe, Galvano,$d<1895-1968>.$0(OLS)http://semarc/name/33869 245 10$aSchizzo di una storia del gusto /$cGalvano Della Volpe ; a cura di Ignazio Ambrogio. 260 $aRoma :$bEditori Riuniti,$c1971. 300 $a106 p. ;$c22 cm. 490 0 $aNuova biblioteca di cultura ;$v100 500 $aContiene : Bibliografia ristretta ; Indice dei nomi. 650 4$aArte - Filosofia.$0(OLS)http://semarc/subject/7762 700 1 $aAmbrogio, Ignazio.$0(OLS)http://semarc/name/6404 830 0$aNuova biblioteca di cultura ;$v100.$0(OLS)http://semarc/title/7069 850 $aSeMil 852 $aSeMil$W1$xVenegono$y1$m46 5 100 *$j77317$B77317$CSeMilBibl$Z2$F79195 $81 961 $aRecupero: Biblioteca Seminario Liceale 996 $6245$aSchizzo di una storia del gusto$9(OLS)http://semarc/title/180259 996 $6260$aRoma :$bEditori Riuniti$9(OLS)http://semarc/publisher/30240